Po prvýkrát naostro Pripravuje sa najväčšie golfové podujatie

Bibliographic Details
Main Author: Schvarcz, Denis (Author)
Corporate Author: Košický golfový klub Alpínka (Author)
Format: Article
Language:Slovak
Subjects:

MARC

LEADER 00000nab a2200000 a 4500
001 vtls000894277
003 SK-MaSNL
005 20260302175617.0
008 040720e19970404xo 0 slo
035 |a KE3311 
040 |a KEVKJB  |b slo  |c KEVKJB  |e AACR2 
041 0 |a slo 
044 |a xo  |c SK 
080 |a 796.3  |2 1981 
100 1 |a Schvarcz, Denis  |4 aut  |9 873285 
245 1 0 |a Po prvýkrát naostro  |b Pripravuje sa najväčšie golfové podujatie 
610 2 7 |a Košický golfový klub Alpínka (Košice, Slovensko)  |2 KEVKJB  |9 873450 
611 1 7 |a Indoor golf  |2 KEVKJB  |9 887382 
611 1 7 |a majstrovstvá Slovenska  |2 KEVKJB  |9 873318 
650 0 7 |a golf  |2 KEVKJB  |9 3295 
650 0 7 |a loga  |2 KEVKJB  |9 51868 
650 0 7 |a simulátor golfový  |2 KEVKJB  |9 887383 
650 0 7 |a príprava vydania  |2 KEVKJB  |9 886503 
650 0 7 |a informácie  |2 KEVKJB  |9 1285 
651 7 |a Košice (Slovensko)  |2 KEVKJB  |9 18694 
651 7 |a KE,  |2 KEVKJB  |9 877256 
651 7 |a KE,  |2 KEVKJB  |9 877256 
655 7 |a periodikum  |2 snkbucl  |9 29553 
710 2 |a Košický golfový klub Alpínka  |4 aut  |9 29590 
773 0 8 |t Košický večer  |g Roč. 8  |g Roč. 29, č.64, 4.4.1997, s. 7 
852 |a ZVYKNI  |b KIS3GCP 
999 |c 1407664  |d 1409594